Sudden Death: Real Ballon d'Or Winners - Statistiques

Statistiques générales
  • Ce quiz a été pris 36 fois
  • Le résultat moyen est 9 sur 9
Answers on the Grid
Answers color-coded by a green-red scale on the quiz's grid according to % correct below.
Lionel Messi
Cristiano Ronaldo
Andres Iniesta
Xavi
Karim Benzema
Luka Modric
Neymar
Robert Lewandowski
Kylian Mbappe
Rodri
Ronaldinho
Thierry Henry
Zlatan Ibrahimovic
Kaka
Zinedine Zidane
Antoine Griezmann
Franck Ribery
Wesley Sneijder
Michael Owen
Mohamed Salah
 
Statistiques - réponses
Réponse % Correct
Cristiano Ronaldo
100%
Karim Benzema
100%
Lionel Messi
100%
Luka Modric
100%
Rodri
97%
Zinedine Zidane
97%
Kaka
93%
Ronaldinho
90%
Michael Owen
86%
Aucun quiz correspondant
Distribution des résultats
% des personnes avec chaque résultat
Percentile par nombre de réponses
Votre historique - résultats
Vous n’avez pas pris ce quiz